000 00679nam a2200229 i 4500
001 C2-0343539
003 PPAK
005 20180728144717.0
008 171022s2017 my a|||| ||||| | may d
020 _a9789676127808
040 _aPPAK
_beng
_cPPAK
_erda
082 0 4 _a641.555
_223
090 0 0 _a641.555
_bMEN
_dG
245 0 0 _aMenu wanita kerjaya
264 1 _aKuala Lumpur :
_bUtusan Publications & Distributors Sdn Bhd ,
_c2017
300 _aiv, 44 pages :
_bcolour photographs ;
_c26 cm
336 _2rdacontent
_atext
337 _2rdamedia
_aunmediated
338 _2rdacarrier
_avolume
650 1 0 _aQuick and easy cooking. ; Cooking. ; Cookbook.
942 _ddc
_cB
999 _c140402
_d140402